Welcher Ort liegt näher an... ? #2 - Statistiken

Allgemein
  • Dieses Quiz wurde 40 mal gespielt
  • Das Durchschnittsergebnis liegt bei 7 aus 10
Antwortstatistiken
Frage Antwort % Korrekt
Welcher Ort liegt näher an Göttingen? Antwerpen
100%
Welcher Ort liegt näher an Luxemburg? Amsterdam
80%
Welcher Ort liegt näher an Lagos? Doha
80%
Welcher Ort liegt näher an Bonn? Saarbrücken
80%
Welcher Ort liegt näher an Peking? Seoul
80%
Welcher Ort liegt näher an Sydney? Wellington
80%
Welcher Ort liegt näher an Helgoland? Bremerhaven
60%
Welcher Ort liegt näher an Chicago? Miami
60%
Welcher Ort liegt näher an Sofia? Tirana
60%
Welcher Ort liegt näher an Berlin? Zürich
0%
Keine übereinstimmenden Quizze gefunden
Verteilung der Resultate
Anzahl Personen mit jedem Resultat
Perzentil nach korrekt beantworteten Fragen
Ihre Resultats-Entwicklung
Sie haben dieses Quiz noch nicht gespielt